[Event "Titled Tuesday intern op 11th Jul Early"]
[Site "Chess.com INT"]
[Date "2023.07.11"]
[Round "3"]
[White "Bok, Benjamin"]
[Black "Vypkhaniuk, Igor"]
[Result "1-0"]
[WhiteElo "2615"]
[BlackElo "2408"]
[PlyCount "87"]
[EventDate "2023.07.11"]
[EventType "swiss (blitz)"]
[EventRounds "11"]
[EventCountry "USA"]
[SourceTitle "EXT 2024"]
[Source "ChessBase"]
[SourceDate "2023.10.10"]
[SourceVersion "1"]
[SourceVersionDate "2023.10.10"]
[SourceQuality "1"]

1. d4 Nf6 2. c4 c5 3. Nf3 cxd4 4. Nxd4 Nc6 5. Nc3 g6 6. g3 Bg7 7. Bg2 0-0 8. 0-0 d6 9. Nxc6 bxc6 10. Bxc6 Rb8 11. Bg2 Qa5 12. Nb5 Nd7 13. Bd2 Qd8 14. Nxa7 Rxb2 15. Nc6 Qe8 16. Bg5 Nf6 17. Rb1 Rxa2 18. Rb8 Qd7 19. c5 h6 20. Bf4 Ba6 21. Rxf8+ Bxf8 22. Nb8 Qc8 23. Nxa6 Qxa6 24. cxd6 exd6 25. Re1 Qa4 26. Qxa4 Rxa4 27. Rd1 Ra6 28. h3 g5 29. Be3 Be7 30. Bd4 Ra2 31. e3 Kg7 32. Rb1 Rc2 33. Rb7 Bd8 34. Rd7 Rc1+ 35. Kh2 Rc8 36. Bd5 Kg6 37. Bxf7+ Kf5 38. Rxd6 Be7 39. g4+ Ke4 40. Re6+ Kf3 41. Rxe7 Ne4 42. Bd5 Rc2 43. Bxe4+ Kxf2 44. Bxc2 1-0

[Event "Malakhatko Memorial op"]
[Site "Chess.com INT"]
[Date "2023.06.14"]
[Round "5"]
[White "Vypkhaniuk, Igor"]
[Black "Zhukovskyi, Oleksandr"]
[Result "0-1"]
[WhiteElo "2408"]
[BlackElo "1733"]
[PlyCount "68"]
[EventDate "2023.06.14"]
[EventType "swiss (blitz)"]
[EventRounds "11"]
[EventCountry "USA"]
[SourceTitle "CBM 214 Extra"]
[Source "ChessBase"]
[SourceDate "2023.07.31"]
[SourceVersion "1"]
[SourceVersionDate "2023.07.31"]
[SourceQuality "1"]

1. d4 Nf6 2. Nf3 g6 3. c4 Bg7 4. Nc3 d5 5. cxd5 Nxd5 6. g3 0-0 7. Bg2 Nxc3 8. bxc3 c5 9. 0-0 cxd4 10. cxd4 Nc6 11. Rb1 Nxd4 12. Nxd4 Qxd4 13. Be3 Qxd1 14. Rfxd1 Be6 15. Rxb7 Rad8 16. Rxd8 Rxd8 17. f4 a5 18. a4 Rd1+ 19. Kf2 Bc3 20. Bf3 Bh3 21. Bg2 Be1+ 22. Kf3 Bd7 23. Rc7 Bxa4 24. Bb6 Bb3 25. e3 a4 26. Bd4 Rxd4 27. exd4 a3 28. Rc1 Bd2 29. Ra1 a2 30. Ke2 Bc3 31. Rc1 a1Q 32. Rxa1 Bxa1 33. Kd3 e6 34. Be4 Bd5 0-1

[Event "Titled Tuesday intern op 31st May Late"]
[Site "Chess.com INT"]
[Date "2022.05.31"]
[Round "6"]
[White "Vypkhaniuk, Igor"]
[Black "Lomaia, Diana"]
[Result "1/2-1/2"]
[WhiteElo "2409"]
[BlackElo "1846"]
[PlyCount "90"]
[EventDate "2022.05.31"]
[EventType "swiss (blitz)"]
[EventRounds "11"]
[EventCountry "USA"]
[SourceTitle "CBM 208 Extra"]
[Source "ChessBase"]
[SourceDate "2022.07.31"]
[SourceVersion "1"]
[SourceVersionDate "2022.07.31"]
[SourceQuality "1"]

1. d4 Nf6 2. c4 g6 3. Nc3 d5 4. cxd5 Nxd5 5. g3 Bg7 6. Bg2 c6 7. e4 Nxc3 8. bxc3 0-0 9. Ne2 c5 10. 0-0 cxd4 11. cxd4 Nc6 12. Be3 Na5 13. Rc1 b5 14. d5 Nc4 15. Bd4 e5 16. Bc5 Re8 17. Rb1 Bd7 18. f3 Qc7 19. Bf2 a5 20. Qd3 Rac8 21. Rfc1 Qd6 22. a4 Na3 23. Ra1 b4 24. Qd1 f5 25. Bh3 Bh6 26. Rxc8 Rxc8 27. exf5 gxf5 28. Qd3 e4 29. Qb3 Bg7 30. Bd4 Bxd4+ 31. Nxd4 Qc5 32. Qe3 Qxd5 33. fxe4 Qe5 34. Rf1 Rf8 35. Qg5+ Kh8 36. Nxf5 b3 37. Qe3 Be6 38. Qb6 Qxe4 39. Qc5 Rc8 40. Qxa3 Bd5 41. Qe7 Qh1+ 42. Kf2 Qf3+ 43. Kg1 Qh1+ 44. Kf2 Qf3+ 45. Kg1 Qh1+ 1/2-1/2

[Event "Titled Tuesday intern op 17th May Late"]
[Site "Chess.com INT"]
[Date "2022.05.17"]
[Round "2"]
[White "Svane, Rasmus"]
[Black "Vypkhaniuk, Igor"]
[Result "1-0"]
[WhiteElo "2651"]
[BlackElo "2409"]
[PlyCount "95"]
[EventDate "2022.05.17"]
[EventType "swiss (blitz)"]
[EventRounds "11"]
[EventCountry "USA"]
[SourceTitle "CBM 208 Extra"]
[Source "ChessBase"]
[SourceDate "2022.07.31"]
[SourceVersion "1"]
[SourceVersionDate "2022.07.31"]
[SourceQuality "1"]

1. Nf3 c5 2. c4 g6 3. d4 Nf6 4. d5 b5 5. cxb5 a6 6. bxa6 Bg7 7. Nc3 Bxa6 8. e4 Bxf1 9. Kxf1 d6 10. g3 0-0 11. Kg2 Qb6 12. Re1 Na6 13. Qe2 Rfb8 14. Nd2 Nc7 15. Nc4 Qa6 16. Bd2 Nd7 17. Kf1 Nb6 18. Nxb6 Rxb6 19. Qxa6 Raxa6 20. Reb1 f5 21. f3 fxe4 22. fxe4 Nb5 23. Nxb5 Rxb5 24. a4 Rxb2 25. Rxb2 Bxb2 26. Ra2 Bd4 27. a5 c4 28. Bb4 Kf7 29. Ke2 e6 30. Rc2 exd5 31. exd5 Bc5 32. Bd2 Kf6 33. Rxc4 Ke5 34. Rf4 Kxd5 35. Rf7 h5 36. Rg7 Kc4 37. Rxg6 Bb4 38. Bxb4 Kxb4 39. Rg5 Rxa5 40. Rxa5 Kxa5 41. h4 Kb4 42. g4 Kc3 43. gxh5 d5 44. h6 Kc2 45. h7 d4 46. h8Q d3+ 47. Ke3 d2 48. Qc8+ 1-0

[Event "Titled Tuesday intern op 03rd May Late"]
[Site "Chess.com INT"]
[Date "2022.05.03"]
[Round "6"]
[White "Vypkhaniuk, Igor"]
[Black "Pesotskiy, Mikhail"]
[Result "1-0"]
[WhiteElo "2409"]
[BlackElo "2217"]
[PlyCount "67"]
[EventDate "2022.05.03"]
[EventType "swiss (blitz)"]
[EventRounds "11"]
[EventCountry "USA"]
[SourceTitle "CBM 208 Extra"]
[Source "ChessBase"]
[SourceDate "2022.07.31"]
[SourceVersion "1"]
[SourceVersionDate "2022.07.31"]
[SourceQuality "1"]

1. d4 Nf6 2. Nf3 e6 3. c4 Bb4+ 4. Bd2 a5 5. Nc3 b6 6. e3 Bb7 7. Bd3 0-0 8. 0-0 d6 9. Rc1 Nbd7 10. a3 Bxc3 11. Bxc3 Ne4 12. Be1 a4 13. Bc2 Bc6 14. d5 exd5 15. cxd5 Bb7 16. Bxe4 Nf6 17. Bc2 Bxd5 18. Bxa4 Bxf3 19. gxf3 d5 20. f4 Qc8 21. Kh1 Qh3 22. Rg1 Rxa4 23. Qxa4 Ng4 24. Rg2 Nxh2 25. Rg3 Qh5 26. Qd1 Ng4+ 27. Kg2 Qh2+ 28. Kf3 f5 29. Qxd5+ Kh8 30. Ke2 Qh5 31. Kd2 Nh2 32. Kc2 Nf1 33. Rg1 Qe2+ 34. Kb1 1-0

[Event "Reinstorf op"]
[Site "Reinstorf"]
[Date "2022.02.05"]
[Round "8"]
[White "Niermann, Tristan"]
[Black "Vypkhaniuk, Igor"]
[Result "1-0"]
[WhiteElo "2271"]
[BlackElo "2413"]
[PlyCount "154"]
[EventDate "2022.01.29"]
[EventType "swiss"]
[EventRounds "9"]
[EventCountry "GER"]
[SourceTitle "CBM 206 Extra"]
[Source "ChessBase"]
[SourceDate "2022.03.31"]
[SourceVersion "1"]
[SourceVersionDate "2022.03.31"]
[SourceQuality "1"]

1. d4 Nf6 2. c4 g6 3. g3 c5 4. dxc5 Qa5+ 5. Nc3 Bg7 6. Bd2 Qxc5 7. Rc1 0-0 8. Bg2 Na6 9. Nh3 d5 10. cxd5 Bxh3 11. Bxh3 Nxd5 12. Bg2 Nxc3 13. Bxc3 Rad8 14. Qb3 Bh6 15. Rd1 Rxd1+ 16. Qxd1 Bg7 17. Bxg7 Kxg7 18. 0-0 Qb4 19. Qd7 Rb8 20. b3 Kf8 21. Rc1 Nc5 22. Qc7 Na6 23. Qd7 Nc5 24. Qd5 Na6 25. e3 Qd6 26. Qxd6 exd6 27. Bf1 Nc5 28. b4 Ne6 29. Bh3 f5 30. Bg2 Ke7 31. Bd5 a5 32. bxa5 Ra8 33. Rb1 Nc5 34. Rb5 Ra7 35. f4 Kd7 36. Bg8 h6 37. Bh7 Kc6 38. Rb6+ Kd5 39. Bxg6 Rxa5 40. Bxf5 Rxa2 41. e4+ Nxe4 42. Rxb7 Nc3 43. Re7 Ne2+ 44. Kf1 Nd4 45. Be4+ Kc5 46. Rc7+ Kb4 47. Bd5 Rd2 48. Ke1 Rd3 49. Kf2 Nb5 50. Rc4+ Ka5 51. Bg2 Rd2+ 52. Kf1 Nd4 53. Ke1 Nb3 54. Rc3 Rb2 55. Bd5 Nd4 56. h4 Nc2+ 57. Kf1 Kb4 58. Rf3 Nd4 59. Rf2 Rb1+ 60. Kg2 Kc5 61. Be4 Re1 62. Bg6 d5 63. f5 Kd6 64. f6 Ne6 65. Bf5 Nd8 66. g4 Nf7 67. Kg3 Ra1 68. Bg6 Ra3+ 69. Kf4 Ne5 70. Kf5 Rf3+ 71. Rxf3 Nxf3 72. h5 Ng5 73. Be8 d4 74. Bb5 Nf3 75. Kg6 Ne5+ 76. Kg7 Kc5 77. Bf1 d3 1-0

[Event "Reinstorf op"]
[Site "Reinstorf"]
[Date "2022.02.04"]
[Round "7"]
[White "Hommer, Jeremy"]
[Black "Vypkhaniuk, Igor"]
[Result "0-1"]
[WhiteElo "2220"]
[BlackElo "2413"]
[PlyCount "112"]
[EventDate "2022.01.29"]
[EventType "swiss"]
[EventRounds "9"]
[EventCountry "GER"]
[SourceTitle "CBM 206 Extra"]
[Source "ChessBase"]
[SourceDate "2022.03.31"]
[SourceVersion "1"]
[SourceVersionDate "2022.03.31"]
[SourceQuality "1"]

1. e4 c5 2. Nf3 Nc6 3. Bb5 g6 4. 0-0 Bg7 5. c3 Nf6 6. Re1 0-0 7. d4 d5 8. e5 Ne4 9. Bxc6 bxc6 10. Be3 Qc7 11. Nbd2 Rb8 12. Qc1 Rb5 13. Nxe4 dxe4 14. Nd2 cxd4 15. cxd4 Bf5 16. Nb3 f6 17. Qc4+ Kh8 18. Rac1 Rc8 19. exf6 Bxf6 20. Rc2 Qd6 21. Nc5 a5 22. a3 Rd8 23. Rd1 Qd5 24. Qxd5 Rxd5 25. Na4 Rd6 26. Rcd2 Kg8 27. h3 h5 28. Kf1 Kf7 29. Ke2 g5 30. Rc1 Kg6 31. Rc4 Be6 32. Rc1 Bf5 33. Rc4 Be6 34. Rc1 Kf5 35. Nc3 Rb3 36. g4+ hxg4 37. hxg4+ Kg6 38. Nxe4 Bxg4+ 39. Kf1 Rd8 40. Nxf6 exf6 41. Kg2 Be6 42. Kf3 Bd5+ 43. Ke2 f5 44. Rg1 g4 45. Bf4 Bf3+ 46. Kf1 Rd5 47. Ke1 Rdb5 48. Rc2 Rd3 49. Rd2 Rxa3 50. Rc2 Rd3 51. Rd2 Rdb3 52. Rc2 Be4 53. Rd2 Rxb2 54. Ke2 Bf3+ 55. Kd3 R2b3+ 56. Kc2 Be4+ 0-1

[Event "Reinstorf op"]
[Site "Reinstorf"]
[Date "2022.02.02"]
[Round "5"]
[White "Vypkhaniuk, Igor"]
[Black "Richter, Nils"]
[Result "1/2-1/2"]
[WhiteElo "2413"]
[BlackElo "2270"]
[PlyCount "41"]
[EventDate "2022.01.29"]
[EventType "swiss"]
[EventRounds "9"]
[EventCountry "GER"]
[SourceTitle "CBM 206 Extra"]
[Source "ChessBase"]
[SourceDate "2022.03.31"]
[SourceVersion "1"]
[SourceVersionDate "2022.03.31"]
[SourceQuality "1"]

1. c4 e6 2. d4 d5 3. Nf3 a6 4. Bg5 Be7 5. Bxe7 Qxe7 6. Nbd2 Nf6 7. g3 b6 8. cxd5 exd5 9. Bg2 Bb7 10. 0-0 Nbd7 11. Rc1 c5 12. dxc5 bxc5 13. Re1 0-0 14. Qc2 Rfe8 15. Qf5 a5 16. Ng5 h6 17. Nh3 Nb6 18. Qc2 Rac8 19. Qb3 Qd6 20. Qa3 a4 21. Nf4 1/2-1/2

[Event "Titled Tuesday intern op 04th Jan"]
[Site "Chess.com INT"]
[Date "2022.01.04"]
[Round "9"]
[White "Aggelis, Nikolaos"]
[Black "Vypkhaniuk, Igor"]
[Result "1-0"]
[WhiteElo "2284"]
[BlackElo "2413"]
[PlyCount "127"]
[EventDate "2022.01.04"]
[EventType "swiss (blitz)"]
[EventRounds "11"]
[EventCountry "USA"]
[SourceTitle "EXT 2023"]
[Source "ChessBase"]
[SourceDate "2022.10.05"]
[SourceVersion "1"]
[SourceVersionDate "2022.10.05"]
[SourceQuality "1"]

1. d4 d6 2. g3 g6 3. Bg2 Bg7 4. Nf3 Nf6 5. 0-0 0-0 6. b3 c5 7. c4 cxd4 8. Nxd4 d5 9. cxd5 Nxd5 10. Bb2 Nb4 11. e3 N8c6 12. Nxc6 Nxc6 13. Bxg7 Kxg7 14. Nc3 Qa5 15. Na4 Rd8 16. Qc2 Bd7 17. Qc3+ Qxc3 18. Nxc3 Rac8 19. Rac1 b6 20. Nb5 a5 21. Rfd1 Nb8 22. a4 Rxc1 23. Rxc1 Rc8 24. Rxc8 Bxc8 25. Bd5 Na6 26. Kf1 Nc5 27. Ke2 Kf6 28. Kd2 e6 29. Bc4 Ke7 30. f3 Bb7 31. e4 Ba6 32. Kc3 e5 33. Nc7 Bb7 34. Bd5 Bc8 35. Ba8 f5 36. Nd5+ Kd6 37. Nxb6 Be6 38. Nc4+ Bxc4 39. Kxc4 h5 40. Bd5 Nd7 41. Kb5 Nf6 42. Ba8 f4 43. gxf4 exf4 44. Kxa5 Nd7 45. Kb5 Ne5 46. a5 Nxf3 47. a6 Nd4+ 48. Kb6 f3 49. e5+ Kxe5 50. Bxf3 Nxf3 51. a7 Nxh2 52. a8Q g5 53. Qg2 Ng4 54. b4 Kf4 55. Kc7 Ne5 56. b5 Nc4 57. b6 Nxb6 58. Kxb6 g4 59. Kc5 h4 60. Kd4 h3 61. Qf2+ Kg5 62. Qg3 Kf5 63. Ke3 h2 64. Qxh2 1-0

[Event "Titled Tuesday intern op 04th Jan"]
[Site "Chess.com INT"]
[Date "2022.01.04"]
[Round "6"]
[White "Gokerkan, Cem Kaan"]
[Black "Vypkhaniuk, Igor"]
[Result "1/2-1/2"]
[WhiteElo "2445"]
[BlackElo "2413"]
[PlyCount "125"]
[EventDate "2022.01.04"]
[EventType "swiss (blitz)"]
[EventRounds "11"]
[EventCountry "USA"]
[SourceTitle "EXT 2023"]
[Source "ChessBase"]
[SourceDate "2022.10.05"]
[SourceVersion "1"]
[SourceVersionDate "2022.10.05"]
[SourceQuality "1"]

1. e4 d5 2. exd5 Nf6 3. d4 Bg4 4. Be2 Bxe2 5. Qxe2 Qxd5 6. Nf3 e6 7. c4 Bb4+ 8. Nc3 Qe4 9. Be3 0-0 10. 0-0 Bxc3 11. bxc3 Nc6 12. Rab1 b6 13. Rb5 h6 14. Nd2 Qc2 15. Qf3 a6 16. Rbb1 Na5 17. Qg3 Qxc3 18. Rfc1 Qd3 19. Qxc7 Rfc8 20. Qxb6 Nxc4 21. Qb7 Nd6 22. Qb3 Qxb3 23. Nxb3 Nd5 24. Nc5 a5 25. Bd2 a4 26. g4 g5 27. Kf1 Kg7 28. Ke2 Kg6 29. Kd3 h5 30. h3 hxg4 31. hxg4 Rh8 32. Rh1 Rxh1 33. Rxh1 Rb8 34. Nxa4 Ra8 35. Nc5 Ra3+ 36. Nb3 Rxa2 37. Ra1 Rxa1 38. Nxa1 f5 39. gxf5+ Kxf5 40. Nb3 Ne4 41. Be3 g4 42. Nc1 e5 43. Ne2 Nxe3 44. Kxe3 exd4+ 45. Nxd4+ Ke5 46. Nc6+ Kf5 47. Ne7+ Ke5 48. Ng6+ Kf5 49. Nh4+ Ke5 50. Ng6+ Kf5 51. Ne7+ Ke5 52. Nc6+ Kf5 53. Nd4+ Ke5 54. Ne2 Nxf2 55. Kxf2 g3+ 56. Kg2 Ke4 57. Ng1 Ke3 58. Nf3 Ke4 59. Nh4 Ke3 60. Nf3 Ke4 61. Ng1 Ke3 62. Nh3 Ke4 63. Ng1 1/2-1/2

[Event "Titled Tuesday intern op 04th Jan"]
[Site "Chess.com INT"]
[Date "2022.01.04"]
[Round "3"]
[White "Petrova, Irina"]
[Black "Vypkhaniuk, Igor"]
[Result "0-1"]
[WhiteElo "2104"]
[BlackElo "2413"]
[PlyCount "50"]
[EventDate "2022.01.04"]
[EventType "swiss (blitz)"]
[EventRounds "11"]
[EventCountry "USA"]
[SourceTitle "EXT 2023"]
[Source "ChessBase"]
[SourceDate "2022.10.05"]
[SourceVersion "1"]
[SourceVersionDate "2022.10.05"]
[SourceQuality "1"]

1. e4 e5 2. Nf3 Nc6 3. Bb5 a6 4. Ba4 Nge7 5. 0-0 g6 6. d3 Bg7 7. Nc3 0-0 8. Bg5 h6 9. Be3 b5 10. Bb3 Na5 11. Qd2 Kh7 12. h3 Bb7 13. Nh2 Nxb3 14. axb3 d5 15. Bc5 dxe4 16. Bxe7 Qxe7 17. dxe4 Rad8 18. Qe3 Rd4 19. Nf3 c5 20. Nd5 Bxd5 21. exd5 Rxd5 22. Rxa6 e4 23. Nh2 Bxb2 24. Ng4 Bg7 25. Qf3 exf3 0-1

[Event "Titled Tuesday intern op 04th Jan"]
[Site "Chess.com INT"]
[Date "2022.01.04"]
[Round "2"]
[White "Vypkhaniuk, Igor"]
[Black "Dogan, Mire Deniz"]
[Result "0-1"]
[WhiteElo "2413"]
[BlackElo "1987"]
[PlyCount "150"]
[EventDate "2022.01.04"]
[EventType "swiss (blitz)"]
[EventRounds "11"]
[EventCountry "USA"]
[SourceTitle "EXT 2023"]
[Source "ChessBase"]
[SourceDate "2022.10.05"]
[SourceVersion "1"]
[SourceVersionDate "2022.10.05"]
[SourceQuality "1"]

1. d4 d5 2. Nf3 Nf6 3. c4 c6 4. g3 a6 5. Bg2 b5 6. b3 Bf5 7. 0-0 e6 8. a4 b4 9. Nh4 Bg6 10. Nd2 Be7 11. Nxg6 hxg6 12. e4 Nbd7 13. e5 Ng8 14. Nf3 Nh6 15. cxd5 cxd5 16. Bb2 Qb6 17. Qd2 a5 18. Rfc1 0-0 19. Bf1 Rfc8 20. Bb5 Nf8 21. Rc2 Rxc2 22. Qxc2 Ra7 23. Rc1 Bd8 24. Qc8 Rc7 25. Rxc7 Qxc7 26. Qxc7 Bxc7 27. h3 Nf5 28. g4 Ne7 29. Bc1 f6 30. h4 Kf7 31. Bf4 Bb6 32. Kg2 Nc8 33. exf6 gxf6 34. g5 Na7 35. Bd3 Nc6 36. gxf6 Kxf6 37. Bg5+ Kf7 38. Be3 Nd7 39. Kg3 Nf6 40. Kf4 Nh5+ 41. Kg5 Bd8+ 42. Kg4 Bf6 43. Ne5+ Nxe5+ 44. dxe5 Be7 45. Bb6 Ng7 46. Bxa5 Nf5 47. Bxf5 exf5+ 48. Kg3 d4 49. Bb6 d3 50. Be3 Ke6 51. f4 Kd5 52. Kf3 d2 53. Bxd2 Kd4 54. Bxb4 Bxb4 55. e6 Kd5 56. h5 gxh5 57. Kg3 Kxe6 58. Kh4 Kd5 59. Kxh5 Ke4 60. Kg5 Be7+ 61. Kg6 Kxf4 62. a5 Bc5 63. a6 Ba7 64. b4 Ke4 65. Kf6 f4 66. Ke6 f3 67. Kd6 f2 68. Kc6 f1Q 69. Kb7 Be3 70. b5 Qxb5+ 71. Ka8 Qxa6+ 72. Kb8 Qa7+ 73. Kc8 Kd5 74. Kd8 Kd6 75. Ke8 Qe7# 0-1

[Event "Titled Tuesday intern op 28th Dec"]
[Site "Chess.com INT"]
[Date "2021.12.28"]
[Round "3"]
[White "Vypkhaniuk, Igor"]
[Black "Abdrlauf, Elham"]
[Result "1/2-1/2"]
[WhiteElo "2426"]
[BlackElo "2350"]
[PlyCount "51"]
[EventDate "2021.12.28"]
[EventType "swiss (blitz)"]
[EventRounds "11"]
[EventCountry "USA"]
[SourceTitle "CBM 206 Extra"]
[Source "ChessBase"]
[SourceDate "2022.03.31"]
[SourceVersion "1"]
[SourceVersionDate "2022.03.31"]
[SourceQuality "1"]

1. d4 Nf6 2. Nf3 d5 3. c4 e6 4. g3 dxc4 5. Bg2 c5 6. 0-0 Nc6 7. dxc5 Qxd1 8. Rxd1 Bxc5 9. Nbd2 c3 10. bxc3 0-0 11. Ne1 Bd7 12. Nd3 Be7 13. Rb1 b6 14. c4 Rac8 15. Bb2 Rfd8 16. Nb3 Be8 17. c5 b5 18. Ne5 Nd5 19. Bxd5 exd5 20. Nxc6 Bxc6 21. Rbc1 b4 22. Rd4 Bf6 23. Rd2 Be7 24. Rd4 Bf6 25. Rd2 Be7 26. Rd4 1/2-1/2

[Event "Titled Tuesday intern op 21st Dec"]
[Site "Chess.com INT"]
[Date "2021.12.21"]
[Round "4"]
[White "Novikova, Galina"]
[Black "Vypkhaniuk, Igor"]
[Result "1-0"]
[WhiteElo "2073"]
[BlackElo "2426"]
[PlyCount "73"]
[EventDate "2021.12.21"]
[EventType "swiss (blitz)"]
[EventRounds "11"]
[EventCountry "USA"]
[SourceTitle "CBM 205 Extra"]
[Source "ChessBase"]
[SourceDate "2022.01.31"]
[SourceVersion "1"]
[SourceVersionDate "2022.01.31"]
[SourceQuality "1"]

1. e4 c5 2. Nf3 Nc6 3. d4 cxd4 4. Nxd4 e5 5. Nf3 Bb4+ 6. c3 Bc5 7. Bc4 d6 8. b4 Bb6 9. Qb3 Qf6 10. 0-0 h6 11. Be3 Nge7 12. Bxb6 axb6 13. Nbd2 Ng6 14. Rfe1 Bg4 15. Bd5 Nf4 16. c4 g5 17. b5 Nd8 18. Qe3 0-0 19. Qxb6 Ra3 20. Re3 Rd3 21. Rxd3 Nxd3 22. Qe3 Nc5 23. a4 b6 24. a5 bxa5 25. Rxa5 Nde6 26. h3 Bxf3 27. Nxf3 Qd8 28. Ra8 Qc7 29. Rxf8+ Kxf8 30. h4 Qe7 31. hxg5 hxg5 32. b6 g4 33. Nd2 Nf4 34. Nb3 Qd8 35. Nxc5 Qxb6 36. Nd7+ Ke7 37. Nxb6 1-0

[Event "Titled Tuesday intern op 14th Dec"]
[Site "Chess.com INT"]
[Date "2021.12.14"]
[Round "6"]
[White "Mujumdar, Sameer Suhas"]
[Black "Vypkhaniuk, Igor"]
[Result "0-1"]
[WhiteElo "2030"]
[BlackElo "2426"]
[PlyCount "84"]
[EventDate "2021.12.14"]
[EventType "swiss (blitz)"]
[EventRounds "11"]
[EventCountry "USA"]
[SourceTitle "EXT 2023"]
[Source "ChessBase"]
[SourceDate "2022.10.05"]
[SourceVersion "1"]
[SourceVersionDate "2022.10.05"]
[SourceQuality "1"]

1. d4 Nf6 2. c4 e6 3. Nc3 Bb4 4. e3 0-0 5. Nf3 b6 6. Bd3 Bb7 7. 0-0 c5 8. a3 Bxc3 9. bxc3 Be4 10. Bxe4 Nxe4 11. Qd3 f5 12. Nd2 Nxd2 13. Bxd2 Nc6 14. e4 fxe4 15. Qxe4 Qf6 16. Be3 Qf5 17. Qxf5 Rxf5 18. Rad1 d6 19. dxc5 dxc5 20. Rd6 Na5 21. Rxe6 Nxc4 22. a4 Kf7 23. Rc6 Re8 24. Rc7+ Re7 25. Rxe7+ Kxe7 26. Bc1 Re5 27. Bf4 Re4 28. Bb8 a6 29. h3 Nb2 30. a5 b5 31. Ba7 Re5 32. f4 Rd5 33. Re1+ Kd7 34. g4 Nc4 35. Bb6 Nxb6 36. axb6 a5 37. b7 Kc7 38. Re7+ Kb8 39. Rxg7 a4 40. Rxh7 a3 41. Re7 Rd1+ 42. Kf2 a2 0-1

[Event "Titled Tuesday intern op 14th Dec"]
[Site "Chess.com INT"]
[Date "2021.12.14"]
[Round "8"]
[White "Vypkhaniuk, Igor"]
[Black "Guliev, Logman"]
[Result "0-1"]
[WhiteElo "2426"]
[BlackElo "2260"]
[PlyCount "52"]
[EventDate "2021.12.14"]
[EventType "swiss (blitz)"]
[EventRounds "11"]
[EventCountry "USA"]
[SourceTitle "EXT 2023"]
[Source "ChessBase"]
[SourceDate "2022.10.05"]
[SourceVersion "1"]
[SourceVersionDate "2022.10.05"]
[SourceQuality "1"]

1. d4 Nf6 2. Nf3 g6 3. c4 Bg7 4. Nc3 0-0 5. e4 d6 6. Be2 e5 7. 0-0 Nbd7 8. Re1 c6 9. Bf1 exd4 10. Nxd4 Ng4 11. h3 Qb6 12. hxg4 Bxd4 13. Qd2 Bg7 14. Qxd6 Ne5 15. c5 Qa5 16. g5 Rd8 17. Qe7 Be6 18. f4 Rd7 19. Qxe6 fxe6 20. fxe5 Qxc5+ 21. Be3 Qxe5 22. Bc4 Re8 23. Rf1 Qg3 24. Bf4 Bd4+ 25. Kh1 Qh4+ 26. Bh2 Be5 0-1

[Event "Lvov Vasylyshyn Memorial-B 18th"]
[Site "Lvov"]
[Date "2021.12.08"]
[Round "5"]
[White "Tytynnik, Artem"]
[Black "Vypkhaniuk, Igor"]
[Result "0-1"]
[WhiteElo "2240"]
[BlackElo "2426"]
[PlyCount "127"]
[EventDate "2021.12.04"]
[EventType "tourn"]
[EventRounds "9"]
[EventCountry "UKR"]
[SourceTitle "CBM 205 Extra"]
[Source "ChessBase"]
[SourceDate "2022.01.31"]
[SourceVersion "1"]
[SourceVersionDate "2022.01.31"]
[SourceQuality "1"]

1. d4 Nf6 2. c4 e6 3. g3 Bb4+ 4. Bd2 Qe7 5. Bg2 Bxd2+ 6. Qxd2 Nc6 7. e3 0-0 8. Ne2 d6 9. 0-0 a5 10. Nbc3 e5 11. h3 Re8 12. Rae1 a4 13. Qd1 Bd7 14. Kh2 Ra5 15. d5 Nb8 16. f4 Na6 17. Nc1 e4 18. g4 h6 19. Kg1 Nc5 20. Rf2 b5 21. cxb5 Bxb5 22. b4 axb3 23. Nxb3 Nxb3 24. Qxb3 Bd3 25. Bf1 Nd7 26. Qb4 Rc5 27. Bxd3 exd3 28. e4 Qf6 29. e5 Qh4 30. Re3 h5 31. e6 hxg4 32. exf7+ Kxf7 33. Rxe8 Kxe8 34. Qe4+ Qe7 35. Qg6+ Kd8 36. Ne4 Rxd5 37. hxg4 d2 38. Rxd2 Rxd2 39. Nxd2 Qe3+ 40. Kh1 Qe1+ 41. Kg2 Qxd2+ 42. Kf3 Qc3+ 43. Kg2 Qb2+ 44. Kg3 Qc3+ 45. Kg2 Qf6 46. Qe4 Qb2+ 47. Kg3 Qxa2 48. g5 Qf7 49. Qa8+ Ke7 50. Qc6 Qb3+ 51. Kg4 Qd1+ 52. Kg3 Qe1+ 53. Kg4 Qg1+ 54. Kh4 Qf2+ 55. Kg4 Qc5 56. Qe4+ Kf7 57. Qh7 Nf8 58. Qh5+ g6 59. Qh8 Qf5+ 60. Kg3 Ne6 61. Qh7+ Ng7 62. Kf3 d5 63. Qh8 Qe4+ 64. Kg4 0-1

[Event "Titled Tuesday intern op 07th Dec"]
[Site "Chess.com INT"]
[Date "2021.12.07"]
[Round "4"]
[White "Djordjevic, Vuk D"]
[Black "Vypkhaniuk, Igor"]
[Result "0-1"]
[WhiteElo "2382"]
[BlackElo "2426"]
[PlyCount "54"]
[EventDate "2021.12.07"]
[EventType "swiss (blitz)"]
[EventRounds "11"]
[EventCountry "USA"]
[SourceTitle "CBM 205 Extra"]
[Source "ChessBase"]
[SourceDate "2022.01.31"]
[SourceVersion "1"]
[SourceVersionDate "2022.01.31"]
[SourceQuality "1"]

1. d4 Nf6 2. Bg5 Ne4 3. Bf4 c5 4. f3 Qa5+ 5. c3 Nf6 6. d5 Qb6 7. Bc1 g6 8. Nh3 Bg7 9. e4 0-0 10. Nf2 e6 11. Be2 exd5 12. exd5 d6 13. 0-0 Re8 14. Na3 Qc7 15. Nb5 Qb6 16. Bf4 Bf8 17. Re1 Na6 18. Bg5 Bg7 19. Bxf6 Bxf6 20. Ne4 Be7 21. Bc4 Bd7 22. Qd3 f5 23. Nf2 Bh4 24. g3 Bf6 25. Nh3 Bxb5 26. Bxb5 c4+ 27. Nf2 Rxe1+ 0-1

[Event "Titled Tuesday intern op 07th Dec"]
[Site "Chess.com INT"]
[Date "2021.12.07"]
[Round "6"]
[White "Savchenko, Boris"]
[Black "Vypkhaniuk, Igor"]
[Result "1-0"]
[WhiteElo "2535"]
[BlackElo "2426"]
[PlyCount "121"]
[EventDate "2021.12.07"]
[EventType "swiss (blitz)"]
[EventRounds "11"]
[EventCountry "USA"]
[SourceTitle "CBM 205 Extra"]
[Source "ChessBase"]
[SourceDate "2022.01.31"]
[SourceVersion "1"]
[SourceVersionDate "2022.01.31"]
[SourceQuality "1"]

1. e4 d5 2. exd5 Nf6 3. Nf3 Bg4 4. Bb5+ Nbd7 5. c4 e6 6. dxe6 fxe6 7. Ba4 c6 8. d4 e5 9. dxe5 Qa5+ 10. Bd2 Bxf3 11. Bxa5 Bxd1 12. Bxd1 Nxe5 13. Be2 Bc5 14. Nd2 Kf7 15. Nb3 Bb6 16. 0-0 Rhe8 17. Rfd1 Bxa5 18. Nxa5 b6 19. Nb3 c5 20. f3 Nc6 21. Kf2 Rad8 22. Rxd8 Rxd8 23. a3 g5 24. Rd1 Rxd1 25. Bxd1 Ke6 26. Ke3 Ke5 27. Nc1 h6 28. Nd3+ Ke6 29. f4 Na5 30. b3 Nc6 31. g3 g4 32. b4 cxb4 33. axb4 a5 34. bxa5 bxa5 35. Ba4 Ne7 36. Nc5+ Kd6 37. Nb7+ Kc7 38. Nxa5 Nf5+ 39. Kd3 h5 40. Nc6 h4 41. gxh4 Nxh4 42. Nd4 Ng6 43. Ke3 Kd6 44. Bc2 Nh4 45. Nf5+ Nxf5+ 46. Bxf5 Kc5 47. Be6 Kd6 48. f5 Kc5 49. Kf4 Kd4 50. Kg5 g3 51. hxg3 Ne4+ 52. Kh4 Ke5 53. g4 Kf4 54. Bd5 Nf6 55. g5 Nh7 56. g6 Nf6 57. g7 Kxf5 58. g8Q Nxg8 59. Bxg8 Ke5 60. Bd5 Kd6 61. Kg5 1-0